Pulp and Paper Chemistry and Technology Vol. 2: Pulping Chemistry and Technology

Saved in:
Bibliographic Details
Other Authors: Ek, Monica (Editor), Gellerstedt, Göran (Editor), Henriksson, Gunnar (Editor)
Format: Book
Language:English
Published: Berlin de Gruyter 2009
Subjects:
Online Access:View in OPAC
Tags: Add Tag
No Tags, Be the first to tag this record!

MARC

LEADER 00000nam a2200000 a 4500
005 20260127133925.0
008 100224 2009 gw 000 0 eng d
020 |a 9783110213416 
035 |a vtls010068532 
039 9 |y 201002241104  |z mschk03 
040 |a STUSCHK1  |b slo  |c STUSCHK1  |e AACR2 
080 |a 676 
245 1 |a Pulp and Paper Chemistry and Technology  |n Vol. 2: Pulping Chemistry and Technology  |c Monica Ek, Göran Gellerstedt, Gunnar Henriksson Eds. 
260 |a Berlin  |b de Gruyter  |c 2009 
300 |a 471 s.  |b ill.  |c 24,5 cm 
650 0 |a Papierherstellung 
650 0 |a Holz 
650 0 |a Aufsatzsammlung 
700 1 |a Ek, Monica  |4 edt 
700 1 |a Gellerstedt, Göran  |4 edt 
700 1 |a Henriksson, Gunnar  |4 edt 
910 |a SCHK95 
919 |a 978-3-11-021341-6 
999 |c 133  |d 133